| 000 | 00862nam0a22002651 4500 | ||
|---|---|---|---|
| 001 | RU\NLR\INFOCOMM4\ROSSICA\1000408176 | ||
| 005 | 20250613191700.0 | ||
| 035 | _a(NLR Aleph) 009938812 | ||
| 090 |
_a10754400 _c10754400 |
||
| 100 | _a20030604d1848 |||y0rusy50 ca | ||
| 101 | 0 | _alat | |
| 102 | _aRU | ||
| 105 | _ay ||||000ay | ||
| 200 | 1 | _aMonumenta Historica Russiae, ex antiquis exterarum gentium archivis et bibliothecis deprompta, ab A.J. Turgenevio | |
| 210 |
_aPetropoli _d1848 |
||
| 215 | _d4° | ||
| 421 | 0 |
_12001#$aSupplementum... a collegio archaeographico edita _tSupplementum... a collegio archaeographico edita |
|
| 600 | 1 |
_aTurgenev _bA.I. _gAleksandr Ivanovič _f1784-1845 _2PSBO |
|
| 801 | 1 |
_aRU _bInfoComm _c20030604 |
|
| 801 | 0 |
_aRU _bNLR _gPSBO |
|
| 852 |
_aNLR _j13.4.3.25 |
||
| 942 | _cBOOK | ||
| 980 | _aNB | ||
| 980 | _aRossica | ||